Countries of Wimbledon Winners (Male) - Statistics

General Stats
  • This quiz has been taken 91 times
  • The average score is 11 of 14
Answer Stats
Number of Wins Answer % Correct
37 United Kingdom
100%
33 United States
100%
21 Australia
99%
7 France
96%
3 Spain
95%
8 Switzerland
94%
4 Germany
93%
7 Sweden
89%
4 Serbia
85%
1 Netherlands
69%
1 Croatia
68%
4 New Zealand
56%
1 Czechoslovakia
49%
1 Egypt
15%
No matching quizzes found
Score Distribution
Percent of People with Each Score
Percentile by Number Answered
Your Score History
You have not taken this quiz